Tragedia y derechos: repensando los comienzos de la modernidad política (Registro nro. 31396)
[ vista simple ]
| 000 -LEADER | |
|---|---|
| fixed length control field | 00409 a2200121 4500 |
| 001 - CONTROL NUMBER | |
| control field | ART_29936 |
| 005 - DATE AND TIME OF LATEST TRANSACTION | |
| control field | 20260410162002.0 |
| 008 - FIXED-LENGTH DATA ELEMENTS--GENERAL INFORMATION | |
| fixed length control field | 260409a |
| 100 1# - MAIN ENTRY--PERSONAL NAME | |
| Personal name | Filippi, Alberto |
| 245 10 - TITLE STATEMENT | |
| Title | Tragedia y derechos: repensando los comienzos de la modernidad política |
| 700 1# - ADDED ENTRY--PERSONAL NAME | |
| Personal name | Rinesi, Eduardo |
| 773 0# - HOST ITEM ENTRY | |
| Title | Cuadernos de la Escuela del Servicio de Justicia |
| Related parts | - Nº 1 (sep. 2014) |
| Record control number | REV29921 |
No hay ítems disponibles.